Statistics for Edge of Desire John Mayer lyrics

Click here to take the quiz!

General Stats

  • This quiz has been taken 12 times
  • The average score is 140 of 193

Answer Stats

Answer% Correct
a
100%
and
100%
full
100%
me
100%
of
100%
you
100%
young
100%
edge
89%
i
89%
running
89%
so
89%
cause
78%
desire
78%
go
78%
im
78%
it
78%
just
78%
on
78%
spin
78%
the
78%
to
78%
about
67%
all
67%
axis
67%
back
67%
bad
67%
be
67%
believe
67%
breathing
67%
come
67%
dont
67%
everything
67%
figure
67%
fire
67%
for
67%
forget
67%
have
67%
here
67%
ill
67%
in
67%
is
67%
lie
67%
love
67%
my
67%
now
67%
over
67%
said
67%
say
67%
screaming
67%
see
67%
set
67%
silently
67%
sleep
67%
steady
67%
tell
67%
that
67%
there
67%
things
67%
this
67%
want
67%
way
67%
where
67%
with
67%
word
67%
can
56%
clothes
56%
dying
56%
eight
56%
find
56%
floor
56%
great
56%
infinity
56%
mattress
56%
maybe
56%
or
56%
scared
56%
think
56%
tiny
56%
tired
56%
will
56%
wired
56%
youll
56%
yours
56%
but
44%
dream
44%
end
44%
how
44%
its
44%
keeps
44%
nothing
44%
really
44%
still
44%
trying
44%
up
44%
we
44%
waking
33%
has
22%
taken
22%

Score Distribution

Percentile by Number Answered

Percent of People with Each Score

Your Score History

You have not taken this quiz